| Tag |
First Indicator |
Second Indicator |
Subfields |
| LEADER |
00000cam a2200000 a 4500 |
| 001 |
in00000970752 |
| 005 |
20150927114225.0 |
| 008 |
730621s1934 nyua 00110 eng d |
| 010 |
|
|
|a 34023642
|
| 035 |
|
|
|a (OCoLC)00645265
|
| 035 |
|
|
|9 AEW8388AM
|
| 040 |
|
|
|a KSU
|c KSU
|d m.c.
|d SLU
|d UtOrBLW
|
| 043 |
|
|
|a e-uk---
|
| 049 |
|
|
|a TXAM
|
| 090 |
|
|
|a KD626.R43
|b W35 1934
|
| 100 |
1 |
|
|a Walker-Smith, Derek,
|d 1910-1992.
|
| 245 |
1 |
0 |
|a Lord Reading and his cases :
|b the study of a great career /
|c by Derek Walker-Smith.
|
| 264 |
|
1 |
|a New York :
|b Macmillan,
|c 1934.
|
| 300 |
|
|
|a xii, 400 pages :
|b illustrations ;
|c 24 cm.
|
| 336 |
|
|
|a text
|b txt
|2 rdacontent
|
| 337 |
|
|
|a unmediated
|b n
|2 rdamedia
|
| 338 |
|
|
|a volume
|b nc
|2 rdacarrier
|
| 500 |
|
|
|a Includes index.
|
| 600 |
1 |
0 |
|a Reading, Rufus Daniel Isaacs,
|c Marquess of,
|d 1860-1935.
|
| 650 |
|
0 |
|a Trials
|z Great Britain.
|
| 650 |
|
0 |
|a Lawyers
|v Portraits.
|
| 999 |
|
|
|a MARS
|
| 999 |
f |
f |
|s 8a09bbc9-7afb-36c8-a8a6-b822f22eb390
|i a46d29c8-e2f2-33fe-88e6-84fbe8fc3a3e
|t 0
|
| 952 |
f |
f |
|p ric
|a Texas A&M University
|b Rellis Campus
|c Joint Library Facility
|d Remote Storage
|t 0
|e KD626.R43 W35 1934
|h Library of Congress classification
|i unmediated -- volume
|m A14813711853
|
| 998 |
f |
f |
|a KD626.R43 W35 1934
|t 0
|l Remote Storage
|